[Event "Olympiad-35"]
[Site "Bled"]
[Date "2002.10.29"]
[Round "4.3"]
[White "Mawed, Moussa"]
[Black "Khouseinov, Rashid"]
[Result "0-1"]
[WhiteElo "2186"]
[BlackElo "2331"]
[PlyCount "96"]
[EventDate "2002.10.26"]
[EventType "team-swiss"]
[EventRounds "14"]
[EventCountry "SLO"]
[SourceTitle "EXT 2003"]
[Source "ChessBase"]
[SourceDate "2002.11.25"]
[SourceVersion "1"]
[SourceVersionDate "2002.11.25"]
[SourceQuality "1"]
[WhiteTeam "Palestine"]
[BlackTeam "Tajikistan"]
[WhiteTeamCountry "PLE"]
[BlackTeamCountry "TJK"]

1. e4 e5 2. Nf3 Qe7 3. Nc3 c6 4. d4 d6 5. Bg5 Nf6 6. Be2 h6 7. Bh4 Bg4 8. 0-0 Nbd7 9. dxe5 dxe5 10. a4 Bxf3 11. Bxf3 0-0-0 12. Qe2 g5 13. Bg3 Qe6 14. h3 h5 15. Qe3 Bc5 16. Qxg5 Rdg8 17. Qh4 Be7 18. Nd5 cxd5 19. exd5 Qd6 20. Qc4+ Qc5 21. Qxc5+ Bxc5 22. Kh1 e4 23. Be2 Nxd5 24. Bc4 N7b6 25. Bb3 a5 26. Rad1 Rg5 27. Bh4 Rf5 28. Rfe1 Re8 29. c3 Kc7 30. g4 hxg4 31. hxg4 Rf3 32. Bxd5 Rh8 33. Rxe4 Rxh4+ 34. Kg2 Rxf2+ 35. Kg3 Rhh2 36. Bxf7 Bd6+ 37. Rxd6 Kxd6 38. Re6+ Kc7 39. Re7+ Kb8 40. b4 Rhg2+ 41. Kh3 Re2 42. Be6 Rh2+ 43. Kg3 Rh6 44. Re8+ Kc7 45. Bf7 Rxe8 46. Bxe8 Re6 47. Bb5 axb4 48. cxb4 Re4 0-1